[Event "Mittelfranken-chTB2b 1819"]
[Site "Mittelfranken"]
[Date "2019.01.27"]
[Round "4.3"]
[White "Arlt, Michael"]
[Black "Hoerath, Michael"]
[Result "1-0"]
[WhiteElo "1873"]
[BlackElo "1774"]
[PlyCount "83"]
[EventDate "2018.10.14"]
[EventType "team-tourn"]
[EventRounds "9"]
[EventCountry "GER"]
[SourceTitle "EXT 2022"]
[Source "ChessBase"]
[SourceDate "2021.10.06"]
[SourceVersion "1"]
[SourceVersionDate "2021.10.06"]
[SourceQuality "1"]
[WhiteTeam "Schwanstetten"]
[BlackTeam "Muehlhof/Schwabach II"]
[WhiteTeamCountry "GER"]
[BlackTeamCountry "GER"]

1. e4 c5 2. Nc3 Nc6 3. g3 e6 4. Bg2 Nf6 5. Nge2 d5 6. exd5 Nxd5 7. Nxd5 exd5 8. d4 cxd4 9. Nxd4 Bc5 10. Qe2+ Qe7 11. Qxe7+ Nxe7 12. Nb3 Bb6 13. 0-0 0-0 14. Re1 Be6 15. Bg5 Nc6 16. c3 h6 17. Be3 Bxe3 18. Rxe3 Rad8 19. Rd1 d4 20. Nxd4 Nxd4 21. cxd4 Bxa2 22. Ra3 Bd5 23. Rxa7 b5 24. Bxd5 Rxd5 25. Rb7 Rfd8 26. Rc1 R8d7 27. Rxd7 Rxd7 28. Rc5 Rxd4 29. Rxb5 Kf8 30. Rb8+ Ke7 31. Kg2 Rd1 32. b4 Rb1 33. g4 Ke6 34. b5 f5 35. h3 fxg4 36. hxg4 Ke5 37. b6 Kf4 38. f3 Rb2+ 39. Kh3 Rb3 40. b7 Kg5 41. Kg3 g6 42. Rf8 1-0

[Event "Mittelfranken-chTB1 1213"]
[Site "Germany"]
[Date "2012.12.02"]
[Round "4.4"]
[White "Arlt, Michael"]
[Black "Engel, Waldemar"]
[Result "1/2-1/2"]
[WhiteElo "1925"]
[BlackElo "1540"]
[PlyCount "29"]
[EventDate "2012.10.07"]
[EventType "team-tourn"]
[EventRounds "9"]
[EventCountry "GER"]
[SourceTitle "EXT 2019"]
[Source "ChessBase"]
[SourceDate "2018.10.10"]
[SourceVersion "1"]
[SourceVersionDate "2018.10.10"]
[SourceQuality "1"]
[WhiteTeam "Schwanstetten"]
[BlackTeam "Fuerth SZ"]
[WhiteTeamCountry "GER"]
[BlackTeamCountry "GER"]

1. d4 Nf6 2. Nf3 g6 3. c4 d6 4. Nc3 c6 5. Bg5 Bg7 6. Qd2 0-0 7. Bh6 Bg4 8. e4 Bxf3 9. gxf3 e5 10. Bxg7 Kxg7 11. f4 Nh5 12. f5 Nd7 13. 0-0-0 Ndf6 14. Bg2 a6 15. Bf3 1/2-1/2

[Event "Mittelfrankenliga-B1 0506"]
[Site "Germany"]
[Date "2006.04.30"]
[Round "9.5"]
[White "Arlt, Michael"]
[Black "Petzold, Vinzenz"]
[Result "1-0"]
[WhiteElo "1944"]
[BlackElo "2068"]
[PlyCount "57"]
[EventDate "2005.10.16"]
[EventType "team"]
[EventRounds "9"]
[EventCountry "GER"]
[SourceTitle "EXT 2007"]
[Source "ChessBase"]
[SourceDate "2006.11.23"]
[SourceVersion "1"]
[SourceVersionDate "2006.11.23"]
[SourceQuality "1"]

1. e4 c5 2. Nc3 d6 3. Nf3 a6 4. a4 g6 5. d4 cxd4 6. Nxd4 Bg7 7. Be3 Nf6 8. Qd2 Bd7 9. f3 Nc6 10. Nb3 Rc8 11. Nd5 Nxd5 12. exd5 Ne5 13. Bd4 0-0 14. Qb4 Rxc2 15. Bc3 Bf5 16. Nd4 Rxg2 17. Nxf5 Nxf3+ 18. Kd1 Bxc3 19. Nh6+ Kg7 20. Qxc3+ Kxh6 21. Qxf3 Rg5 22. Qe3 Qa5 23. Bg2 Qc5 24. Qd2 Qc4 25. Ra3 Qg4+ 26. Bf3 Qh4 27. Rg1 f6 28. Rg4 Qxh2 29. Qxh2+ 1-0

[Event "Mittelfrankenliga-B1 0506"]
[Site "Germany"]
[Date "2005.12.04"]
[Round "3.4"]
[White "Metzenroth, Dieter"]
[Black "Arlt, Michael"]
[Result "0-1"]
[WhiteElo "1855"]
[BlackElo "1944"]
[PlyCount "66"]
[EventDate "2005.10.16"]
[EventType "team"]
[EventRounds "9"]
[EventCountry "GER"]
[SourceTitle "EXT 2007"]
[Source "ChessBase"]
[SourceDate "2006.11.23"]
[SourceVersion "1"]
[SourceVersionDate "2006.11.23"]
[SourceQuality "1"]

1. d4 Nf6 2. Bg5 c5 3. d5 Qb6 4. Bxf6 Qxf6 5. Nc3 a6 6. a4 g6 7. Nf3 Bg7 8. a5 b5 9. axb6 Qxb6 10. Na4 Qc7 11. e4 d6 12. Nd2 Nd7 13. Be2 Rb8 14. c3 Nf6 15. 0-0 0-0 16. Qc2 Qb7 17. Nc4 Bd7 18. Rfe1 Bb5 19. Rad1 Nxe4 20. Qxe4 Bxa4 21. Na5 Qd7 22. Ra1 Bb5 23. Bxb5 Rxb5 24. Nc4 Qb7 25. Qxe7 Qxd5 26. Nxd6 Rxb2 27. Ne4 Qf5 28. Qxc5 Qxc5 29. Nxc5 Bxc3 30. Rf1 Rb5 31. Nd7 Bxa1 32. Nxf8 Bd4 33. Nd7 Rb7 0-1

[Event "Mittelfrankenliga-B1 0506"]
[Site "Germany"]
[Date "2005.11.20"]
[Round "2.5"]
[White "Seyb, Alexander"]
[Black "Arlt, Michael"]
[Result "1-0"]
[WhiteElo "2067"]
[BlackElo "1944"]
[PlyCount "51"]
[EventDate "2005.10.16"]
[EventType "team"]
[EventRounds "9"]
[EventCountry "GER"]
[SourceTitle "EXT 2007"]
[Source "ChessBase"]
[SourceDate "2006.11.23"]
[SourceVersion "1"]
[SourceVersionDate "2006.11.23"]
[SourceQuality "1"]

1. e4 e5 2. Nf3 Nf6 3. Nxe5 d6 4. Nf3 Nxe4 5. Nc3 Nf6 6. d4 Be7 7. Bd3 Bg4 8. h3 Bh5 9. Be3 d5 10. Qd2 Nbd7 11. Ne5 Bg6 12. 0-0-0 0-0 13. g4 Bxd3 14. Qxd3 c6 15. f4 Ne8 16. h4 f5 17. h5 Nd6 18. Rdg1 Nxe5 19. fxe5 Nc4 20. gxf5 Qb6 21. Na4 Qa5 22. h6 Bf6 23. b3 Nxe5 24. dxe5 Bxe5 25. hxg7 Bf6 26. gxf8Q+ 1-0

[Event "Mittelfranken-chT 0405"]
[Site "Germany"]
[Date "2005.04.03"]
[Round "8.5"]
[White "Arlt, Michael"]
[Black "Vogel, Oskar"]
[Result "1-0"]
[WhiteElo "1968"]
[BlackElo "1822"]
[PlyCount "33"]
[EventDate "2004.10.17"]
[EventType "team"]
[EventRounds "9"]
[EventCountry "GER"]
[SourceTitle "EXT 2007"]
[Source "ChessBase"]
[SourceDate "2006.11.23"]
[SourceVersion "1"]
[SourceVersionDate "2006.11.23"]
[SourceQuality "1"]

1. e4 c5 2. Nf3 Nc6 3. Nc3 d6 4. d4 cxd4 5. Nxd4 Nf6 6. f3 Qb6 7. Nb3 g6 8. Bg5 Bg7 9. Bxf6 Qe3+ 10. Be2 Bxf6 11. Nd5 Qg5 12. Qd2 Qxg2 13. 0-0-0 0-0 14. Nxf6+ exf6 15. h4 h5 16. Rdg1 Qf2 17. Rxg6+ 1-0

[Event "Mittelfranken-chT 0405"]
[Site "Germany"]
[Date "2005.02.27"]
[Round "6.5"]
[White "Arlt, Michael"]
[Black "Blank, Helmut"]
[Result "0-1"]
[WhiteElo "1968"]
[BlackElo "2019"]
[PlyCount "64"]
[EventDate "2004.10.17"]
[EventType "team"]
[EventRounds "9"]
[EventCountry "GER"]
[SourceTitle "EXT 2007"]
[Source "ChessBase"]
[SourceDate "2006.11.23"]
[SourceVersion "1"]
[SourceVersionDate "2006.11.23"]
[SourceQuality "1"]

1. e4 Nf6 2. e5 Nd5 3. b3 g6 4. c4 Nb6 5. d4 d6 6. f4 Bg7 7. Bb2 0-0 8. Nd2 dxe5 9. dxe5 Nc6 10. Ngf3 Bf5 11. Be2 Bd3 12. Bxd3 Qxd3 13. Qe2 Nb4 14. Kf2 Qf5 15. Ne4 Rad8 16. Nc5 Qxf4 17. a3 Nc6 18. Nxb7 Rb8 19. Nc5 g5 20. h3 Qf5 21. g4 Qg6 22. h4 f5 23. exf6 Bxf6 24. Ne6 Bxb2 25. Nxf8 Bd4+ 26. Nxd4 Rxf8+ 27. Ke3 Nxd4 28. Kxd4 Rf4+ 29. Kc3 Qf6+ 30. Kb4 Nd5+ 31. Kc5 Qd6+ 32. Kb5 Qb6+ 0-1